| 000 | 00503nam a22001577a 4500 | ||
|---|---|---|---|
| 999 |
_c61055 _d61055 |
||
| 005 | 20231212161113.0 | ||
| 008 | 231212s1963 ru ||||| |||| 00| 0 rus d | ||
| 041 | _arus | ||
| 080 | _a1(091)(092) З-91 | ||
| 100 |
_aЗубов, В.П. _920680 |
||
| 245 |
_aАристотель / _c В.П. Зубов. |
||
| 264 |
_aМосква : _bИзд-во Акад. наук СССР, _c1963. |
||
| 300 |
_a336 с.: _bил.; _c20 см. |
||
| 653 | _a არისტოტელე | ||
| 942 |
_2udc _cᲬᲘᲒᲜᲘ |
||